Giáo trình lý thuyết tài chính

Guardado en:
Detalles Bibliográficos
Autor principal: Không rõ
Formato: Libro
Lenguaje:Vietnamese
Publicado: TC 2007
Etiquetas: Agregar Etiqueta
Sin Etiquetas, Sea el primero en etiquetar este registro!
Thư viện lưu trữ: Mạng thư viện Đại học Đà Nẵng
LEADER 00614nam a2200277 4500
001 000026833
003 884
005 20150325120000.0
008 150325s vm 000 vie
020 |c 0,0000 
040 |a NOTTS 
100 |a Không rõ 
245 |a Giáo trình lý thuyết tài chính 
260 |b TC  |c 2007 
300 |a 203tr. ; 
OWN |a LTT 
999 |a From the UDN01 
TYP |a Monograph 
TYP |a Printed language 
980 |a Mạng thư viện Đại học Đà Nẵng